Lletra de Estiu, ZOO - Estadísticas

Estadísticas generales
  • Esta prueba ha sido intentada 34 veces
  • La puntuación promedio es 402 de 500
Estadísticas de respuestas
Resposta % Correcto
a
100%
la
100%
La
100%
No
100%
no
100%
calor
96%
Cau
96%
el
96%
El
96%
facilona
96%
himnes
96%
i
96%
I
96%
lo
96%
merda
96%
ritme
96%
Se'n
96%
si
96%
va
96%
ven
96%
bombeja
92%
de
92%
és
92%
És
92%
es
92%
fent
92%
ho
92%
mar
92%
pa
92%
passa
92%
Passa
92%
Que
92%
que
92%
Res
92%
safor
92%
tu
92%
Tu
92%
vida
92%
amb
88%
arriba
88%
comparable
88%
crema
88%
del
88%
demanen
88%
drama
88%
estem
88%
Estic
88%
fama
88%
fem
88%
hui
88%
jo
88%
Jo
88%
Les
88%
les
88%
l'estiu
88%
passe
88%
per
88%
prim
88%
problema
88%
Tinc
88%
tinc
88%
tocar
88%
vol
88%
vull
88%
Vull
88%
al
84%
dolor
84%
en
84%
error
84%
foc
84%
ja
84%
l'olor
84%
ni
84%
pena
84%
sent
84%
sentir
84%
set
84%
siga
84%
un
84%
ve
84%
eixida
80%
esperant
80%
por
80%
primaveres
80%
reixa
80%
sol
80%
somrius
80%
temes
80%
vius
80%
volen
80%
Volen
80%
discurs
76%
dones
76%
els
76%
em
76%
homes
76%
mal
76%
Però
76%
ràdio
76%
sona
76%
suïcida
76%
ahí
72%
colors
72%
d'un
72%
mil
72%
nostra
72%
passe
72%
puja
72%
ser
72%
baixa
68%
brother
68%
calma
68%
condemna
68%
d'actes
68%
feliç
68%
fora
68%
ha
68%
impurs
68%
màxim
68%
perdre
68%
qui
68%
Qui
68%
simple
68%
tremole
68%
una
68%
venga
68%
ací
64%
als
64%
clara
64%
conflictes
64%
demana
64%
eixit
64%
fons
64%
L'auto-compassió
64%
massa
64%
mentires
64%
meus
64%
tanta
64%
tenim
64%
tornar
64%
tot
64%
tren
64%
calle
60%
cara
60%
consentida
60%
diu
60%
eres
60%
ferida
60%
gent
60%
Perquè
60%
pràctic
60%
puge
60%
rebel
60%
vendre
60%
victòria
60%
altre
56%
ella
56%
Érem
56%
esta
56%
passen
56%
raó
56%
tanques
56%
feliços
52%
formes
52%
frases
52%
impulsos
52%
puc
52%
qüestione
52%
tema
52%
uns
52%
van
52%
aquella
48%
confusió
48%
créixer
48%
critica
48%
dia
48%
filen
48%
l'esperança
48%
l'hora
48%
mereixen
48%
pense
48%
porten
48%
serà
48%
s'imaginen
48%
torne
48%
vital
48%
any
44%
bombes
44%
contra
44%
cridant
44%
depressió
44%
dimonis
44%
Dubtes
44%
dubtes
44%
eh?
44%
eufòria
44%
Lluitant
44%
majors
44%
perdut
44%
perspectiva
44%
ulls
44%
Veig
44%
mirar
40%
Venen
40%
dins
36%
ficar
36%
ganes
36%
partida
36%
Buscant
28%
Gillespie
28%
samples
28%
trompetes
28%
perga
24%
censura
20%
forces
20%
Ainsley
16%
guanyar-me
12%
No se encontraron pruebas coincidentes
Distribución de puntuación
Porcentaje de gente con cada puntuación
Porcentaje por número respondido
Historial de tus puntuaciones
No has intentado esta prueba.